LEADER 00593nam a2200145 i 4500 001 000000012979 003 CaOOAMICUS 005 20180830125441.0 008 180830s1964 sp u000 u und u 040 $aSeMil$bita 245 10$aEnarraciones sobre los Salmos /$cedición preparada por el padre Balbino Martin Perez , O.S.A. ; introducción general del padre Josè Morán , O.S.A. 300 $a4 v. 700 1 $aMartin Perez, Balbino.$0(OLS)http://semarc/name/6173 700 1 $aMorán, Josè,$c.$0(OLS)http://semarc/name/89876 996 $6245$aEnarraciones sobre los Salmos$9(OLS)http://semarc/title/17288 LEADER 00942nam a2200205 i 4500 001 000000205206 003 CaOOAMICUS 005 20110817000000.0 008 110817s1811 it u000 u ita u 013 $a183942 026 $ao.le a.hi a.ra ecVI (7) 1811 (A) 040 $aSeMil$bita 245 10$aVol. 3. 300 $a603, [1] p. 490 0 $aEdizione delle opere classiche italiane 773 0 $aMambelli, Marco Antonio$tOsservazioni della lingua italiana raccolte dal Cinonio illustrate ed accresciute dal cavaliere Luigi Lamberti. Volume 1. [-2.].$dMilano : Tip. de' Classici Italiani, contrada di S. Margherita, n.° 1118, 1809-1813.$kEdizione delle opere classiche italiane$g3$w()25312 830 0$aEdizione delle opere classiche italiane.$0(OLS)http://semarc/title/33675 850 $aSeMil 852 $aSeMil$W1$xVenegono$y1$m1O I 9 FA$j155700$B155700$CSeMilBibl$Z2$F167014 $8I 996 $6245$aVol. 3$9(OLS)http://semarc/title/80712